Dokończ tekst piosenki #4 - "Z twarzą Marilyn Monroe" Myslovitz - Statystyki

Ogólne statystyki
  • Ten quiz został rozwiązany 13 razy
  • Średni wynik to 12 z 18
Statystyki odpowiedzi
Tekst Dokończ % Poprawnych
Z twarzą Marylin ... Monroe
100%
Z twarzą Marylin ... Monroe
100%
Hej ... nie mów nic czas na ... dziewczyno miłość
92%
Co za ... co za ... wieczór noc
92%
Co za ... co za ... wieczór noc
92%
... z twarzą Marylin Monroe Noc
83%
... z twarzą Marylin Monroe Noc
83%
Odsłaniam nagie ... jej piersi
75%
Stań przede mną pozwól ... dotknąć się
67%
Smak jej ... dziś zniewala mnie skóry
67%
Na mym ... zostawiłaś swoje ... lustrze usta
50%
... lat mój pierwszy raz Szesnaście
50%
Pod jej ... moja skóra w ... płonie wzrokiem ogniu
50%
Dotykam ... ... ... oczu włosów ust
42%
Dotykam ... ... ... oczu włosów ust
42%
Przy jej ... spędzam całą noc zdjęciu
42%
Dotykam ramion ... ... dłoni stóp
25%
Dotykam ramion ... ... dłoni stóp
25%
Nie znaleziono quizów pasujących do podanych kryteriów
Rozkład punktacji
Procent ludzi z każdym wynikiem
Percentyl według liczby udzielonych odpowiedzi
Twoja historia wyników
Nie rozwiązałeś tego quizu